MARC details
| 000 -CABECERA |
| campo de control de longitud fija |
01741nam a2200301 4500 |
| 003 - IDENTIFICADOR DEL NÚMERO DE CONTROL |
| campo de control |
EC-UNACH |
| 005 - FECHA Y HORA DE LA ÚLTIMA TRANSACCIÓN |
| campo de control |
20251205151634.0 |
| 006 - CÓDIGOS DE INFORMACIÓN DE LONGITUD FIJA--CARACTERÍSTICAS DEL MATERIAL ADICIONAL |
| campo de control de longitud fija |
s||||gr|||| 00| 00 |
| 008 - DATOS DE LONGITUD FIJA--INFORMACIÓN GENERAL |
| campo de control de longitud fija |
150116t9999 mx r gr 000 0 spa d |
| 020 ## - NÚMERO INTERNACIONAL ESTÁNDAR DEL LIBRO |
| Número Internacional Estándar del Libro |
9789942853134 |
| 040 ## - FUENTE DE LA CATALOGACIÓN |
| Centro catalogador/agencia de origen |
EC-UNACH |
| Centro/agencia transcriptor |
EC-UNACH |
| 041 ## - CÓDIGO DE LENGUA |
| Código de lengua del texto/banda sonora o título independiente |
spa |
| 082 04 - NÚMERO DE LA CLASIFICACIÓN DECIMAL DEWEY |
| Número de edición |
23 |
| Número de clasificación |
900 |
| Número de documento/Ítem |
L018436 |
| 110 ## - ENTRADA PRINCIPAL--NOMBRE DE ENTIDAD CORPORATIVA |
| Nombre de entidad corporativa o nombre de jurisdicción como elemento de entrada |
Consejo de la Judicatura |
| 245 ## - MENCIÓN DE TÍTULO |
| Título |
Relatos del mundo |
| 250 ## - MENCIÓN DE EDICIÓN |
| Mención de edición |
Primera edición |
| 264 ## - Producción, publicación, distribución, fabricación y copyright |
| Lugar de producción, publicación, distribución, fabricación |
Ecuador |
| Nombre del de productor, editor, distribuidor, fabricante |
Consejo de la Judicatura |
| Fecha de de producción, publicación, distribución, fabricación o copyright |
2014 |
| 300 ## - DESCRIPCIÓN FÍSICA |
| Extensión |
307 |
| 505 ## - NOTA DE CONTENIDO CON FORMATO |
| Nota de contenido con formato |
Prólogo de Gustavo Salazar Calle <br/> Jack London La locura de John Harned <br/> Anónimo chino La cólera de un particular <br/> Guy de Maupassant Una vendetta <br/> Miguel de Cervantes Sancho Panza, gobernador <br/> H. G. Wells El país de los ciegos <br/>Marqués de Sade La ficción feliz <br/> Jonathan Swift Gulliver habla sobre la ley <br/> Infante Juan Manuel El traje del rey <br/> O. Henry El secuestro <br/> Antón Chéjov Página de la crónica judicial <br/> Oscar Wilde El crimen de Lord Arthur Savile <br/> Auguste Villiers de L’Isle-Adam La esperanza <br/> Katherine Mansfield Veneno <br/> Herman Melville La isla Charles y el rey de los perros <br/> Nicolái Gógol El capote <br/> Giovanni Boccaccio Madonna Filippa <br/> François Rabelais Pantagruel dirime <br/> Arkady Avérchenko Un abogado <br/> Ambrose Bierce Mi asesinato preferido <br/> Alphonse Allais La búsqueda de la desconocida <br/> Sacha Guitry Los hongos<br/> |
| 650 ## - PUNTO DE ACCESO ADICIONAL DE MATERIA--TÉRMINO DE MATERIA |
| Término de materia o nombre geográfico como elemento inicial |
London La locura de John Harned |
| 650 ## - PUNTO DE ACCESO ADICIONAL DE MATERIA--TÉRMINO DE MATERIA |
| Término de materia o nombre geográfico como elemento inicial |
Miguel de Cervantes Sancho Panza |
| 650 ## - PUNTO DE ACCESO ADICIONAL DE MATERIA--TÉRMINO DE MATERIA |
| Término de materia o nombre geográfico como elemento inicial |
Herman Melville La isla Charles y el rey de los perros |
| 700 ## - PUNTO DE ACCESO ADICIONAL--NOMBRE DE PERSONA |
| Nombre de persona |
Gustavo Salazar Calle |
| 942 ## - ELEMENTOS DE PUNTO DE ACCESO ADICIONAL (KOHA) |
| Fuente del sistema de clasificación o colocación |
Clasificación Decimal Dewey |
| Tipo de ítem Koha |
Libros |
| 999 ## - NÚMEROS DE CONTROL DE SISTEMA (KOHA) |
| Koha biblionumber |
14263 |